000 00748nam a2200205Ia 4500
005 20250508160658.0
008 008 250505s9999 xx 000 0 eng d
037 _aBooks to be hide in OPAC
040 _aFEDL
_beng
_cFEDL
041 _aeng
_2eng
084 _a001.4, THO
_qFEDL
100 _aThouless Robert H
245 0 _aMap of educational research: A survey of salient research for those engaged in the practice of education
245 0 _cNational Foundation for Educational Research in England and Wales
260 _aLondon, UK
_bNational Foundation for Educational Research in England and Wales
_c1969
300 _axi, 331p
650 _aEducational Research
942 _cHB
_h001.4, THO
999 _c1366003
_d1366003